[Event "Aeroflot Open A 2017"]
[Site "Moscow RUS"]
[Date "2017.02.27"]
[Round "7.25"]
[White "Idani, Pouya"]
[Black "Bindrich, Falko"]
[Result "1/2-1/2"]
[WhiteTitle "GM"]
[BlackTitle "GM"]
[WhiteElo "2563"]
[BlackElo "2590"]
[WhiteFideId "12510130"]
[BlackFideId "4676670"]
[EventDate "2017.02.21"]

1. e4 e5 2. Nf3 Nc6 3. Bb5 Nf6 4. d3 Bc5 5. c3 O-O 6. Bxc6 bxc6 7. Nxe5 d5 8. d4
Bd6 9. Nxc6 Qe8 10. e5 Qxc6 11. O-O Ba6 12. Re1 Rfe8 13. exf6 Rxe1+ 14. Qxe1 Re8
15. Be3 Bf4 16. Na3 Qxf6 17. Nc2 h5 18. Qd2 Bd6 19. Ne1 h4 20. h3 Re4 21. Nf3
Bc8 22. Ng5 Re7 23. Re1 Qf5 24. f4 f6 25. Nf3 Qh5 26. Bf2 Rxe1+ 27. Nxe1 Qh6 28.
Be3 Bf5 29. Nf3 Be4 30. Qf2 Qh5 31. Nxh4 g5 32. Nf3 gxf4 33. Bd2 Kf7 34. Qf1 Qf5
35. Ne1 Bb1 36. a4 Be4 37. b4 Ke7 38. Qe2 Kf7 39. a5 Qg6 40. Nf3 Bd3 41. Qf2 Be4
42. Nh2 Qf5 43. Qe2 Bd3 44. Qg4 Qxg4 45. hxg4 Kg6 46. Nf3 c6 47. Kf2 a6 48. Kg1
Bc7 49. Kh2 Be2 50. Kh3 Bd1 51. Be1 Be2 52. Kh2 Bd1 53. Kg1 Bc2 54. Bh4 Be4 55.
Kf2 Bd6 56. Nd2 Bc2 57. Nf3 Be4 58. Ke2 Bc7 59. Be1 Bd6 60. Bd2 Bc7 61. Kf2 Bc2
62. Kg1 Bd1 63. Be1 Bc2 64. Kh2 Bd1 65. Kh3 Be2 66. Kh4 Bf1 67. Kh3 Be2 68. Bd2
Bd1 69. Kh2 Be2 70. Kg1 Bd1 71. Be1 1/2-1/2

[Event "Aeroflot Open A 2017"]
[Site "Moscow RUS"]
[Date "2017.02.27"]
[Round "7.29"]
[White "Debashis, Das"]
[Black "Karthikeyan, Murali"]
[Result "1/2-1/2"]
[WhiteTitle "GM"]
[BlackTitle "GM"]
[WhiteElo "2472"]
[BlackElo "2578"]
[WhiteFideId "5024854"]
[BlackFideId "5074452"]
[EventDate "2017.02.21"]

1. d4 Nf6 2. c4 g6 3. Nc3 Bg7 4. e4 d6 5. Be2 O-O 6. Be3 e5 7. d5 a5 8. h4 Na6
9. g4 Nc5 10. f3 h5 11. g5 Nh7 12. Nh3 Bxh3 13. Rxh3 f6 14. gxf6 Rxf6 15. Qd2 a4
16. O-O-O Rf4 17. Rdh1 Nf8 18. Bd1 Bf6 19. Qh2 c6 20. Kb1 a3 21. b3 Bg7 22. Qd2
Kh7 23. Be2 cxd5 24. Nxd5 Rf7 25. Rg3 Nce6 26. Bd3 Nf4 27. Rhg1 Qxh4 28. Bxf4
exf4 29. Rxg6 Nxg6 30. e5 Kh8 31. Bxg6 Re7 32. Nxe7 Qxe7 33. Rh1 h4 34. Qxf4
Bxe5 35. Qh6+ Kg8 36. Be4 Bg7 37. Qxh4 Qe5 38. Qh7+ Kf8 39. Qf5+ Qxf5 40. Bxf5
Ra5 41. Be4 1/2-1/2

[Event "Aeroflot Open A 2017"]
[Site "Moscow RUS"]
[Date "2017.02.27"]
[Round "7.30"]
[White "Maghsoodloo, Parham"]
[Black "Kuybokarov, Temur"]
[Result "0-1"]
[WhiteTitle "GM"]
[BlackTitle "IM"]
[WhiteElo "2575"]
[BlackElo "2491"]
[WhiteFideId "12539929"]
[BlackFideId "14203049"]
[EventDate "2017.02.21"]

1. Nf3 d5 2. g3 Bg4 3. Bg2 c6 4. d3 Nf6 5. Nbd2 Nbd7 6. O-O e5 7. h3 Bh5 8. g4
Bg6 9. Nh4 Bc5 10. e3 O-O 11. Nxg6 hxg6 12. c4 d4 13. Nb3 a5 14. exd4 exd4 15.
Nxc5 Nxc5 16. b3 Nfd7 17. f4 f5 18. gxf5 gxf5 19. Qf3 Re8 20. Bd2 Nf8 21. Rae1
Ng6 22. Rxe8+ Qxe8 23. Qg3 Qe2 24. Rf2 Qh5 25. Bf3 Qh6 26. Be2 Re8 27. Kf1 b6
28. h4 Nf8 29. h5 Nh7 30. Rg2 Re6 31. Qh3 Qf6 32. Rg6 Qf7 33. Qg2 Nf8 34. Rg3
Qe7 35. Ke1 Rf6 36. Kd1 Nfe6 37. Kc2 Na6 38. Bf3 Nb4+ 39. Kb1 Nc5 40. a3 Nbxd3
41. Bxc6 Kh8 42. Bd5 Nxb3 43. Rxd3 Qxa3 44. Qf3 a4 45. Kc2 Qa2+ 46. Kd1 Rf8 47.
h6 Qb1+ 48. Ke2 Re8+ 49. Kf2 g6 50. Rxb3 axb3 51. Bc6 Qc2 52. Bxe8 Qxd2+ 53. Kg3
Qe1+ 54. Kg2 Qxe8 55. Qf2 Qe4+ 0-1

[Event "Aeroflot Open A 2017"]
[Site "Moscow RUS"]
[Date "2017.02.27"]
[Round "7.31"]
[White "Kraemer, Martin"]
[Black "Tabatabaei, M.amin"]
[Result "1/2-1/2"]
[WhiteTitle "GM"]
[BlackTitle "IM"]
[WhiteElo "2571"]
[BlackElo "2507"]
[WhiteFideId "4671910"]
[BlackFideId "12521213"]
[EventDate "2017.02.21"]

1. e4 e5 2. Nf3 Nc6 3. Bb5 a6 4. Ba4 Nf6 5. O-O b5 6. Bb3 Bb7 7. d3 Be7 8. a4
O-O 9. Re1 d6 10. Nbd2 Na5 11. Ba2 b4 12. Nc4 Nxc4 13. Bxc4 a5 14. c3 c5 15. Qe2
Nd7 16. Be3 Kh8 17. Nd2 f5 18. f3 Nb6 19. Be6 Bh4 20. Bf2 f4 21. Nc4 Bxf2+ 22.
Qxf2 Re8 23. Nxb6 Qxb6 24. Bd7 Reb8 25. d4 bxc3 26. bxc3 Bc6 27. dxc5 dxc5 28.
Bxc6 Qxc6 29. Red1 Rd8 30. Qh4 Rxd1+ 31. Rxd1 Re8 32. Rd8 Qxa4 33. Qe7 Qa1+ 34.
Kf2 Qa2+ 35. Ke1 Rg8 36. Rxg8+ Qxg8 37. Qxc5 Qd8 38. c4 h6 39. Qxe5 a4 40. Qc3
Qh4+ 41. Kf1 Qf6 42. Qa3 Qa6 43. Qf8+ Kh7 44. Qf5+ Kg8 45. Qd5+ Kh8 46. e5 a3
47. Qd8+ Kh7 48. Qd3+ Kg8 49. Qd8+ Kf7 50. Qd7+ Kg6 51. Qd3+ Kg5 52. g4 Kh4 53.
Kg2 Qa5 54. e6 a2 55. e7 Qe1 56. Qd4 a1=Q 57. Qxa1 Qe2+ 58. Kg1 Qe3+ 59. Kg2
Qe2+ 60. Kg1 1/2-1/2

[Event "Aeroflot Open A 2017"]
[Site "Moscow RUS"]
[Date "2017.02.27"]
[Round "7.33"]
[White "Svane, Rasmus"]
[Black "Sethuraman, S.P."]
[Result "1/2-1/2"]
[WhiteTitle "GM"]
[BlackTitle "GM"]
[WhiteElo "2570"]
[BlackElo "2623"]
[WhiteFideId "4657101"]
[BlackFideId "5021596"]
[EventDate "2017.02.21"]

1. d4 e6 2. e4 d5 3. Nd2 Nf6 4. e5 Nfd7 5. Bd3 c5 6. c3 Nc6 7. Ne2 cxd4 8. cxd4
f6 9. exf6 Qxf6 10. O-O Bd6 11. Nf3 h6 12. Ng3 O-O 13. Bc2 Rf7 14. Re1 Nf8 15.
Nh5 Qd8 16. Ne5 Bxe5 17. dxe5 Qb6 18. Nf4 Bd7 19. Nd3 Rc8 20. Be3 Qd8 21. Rc1
Ng6 22. Qh5 Nce7 23. Nc5 Nf4 24. Qg4 d4 25. Bxf4 Rxc5 26. Bh7+ Kxh7 27. Rxc5 Qb6
28. Rc2 Nc6 29. Bg3 Rf5 30. Qe4 Be8 31. Rd2 Qa5 32. Qe2 Qxa2 33. b4 Qd5 34. b5
Nb4 35. Qg4 h5 36. Qe4 Bxb5 37. Qxd5 Nxd5 38. Rxd4 a5 39. Rc1 Bc6 40. Rc5 a4 41.
f3 Bd7 42. Rc7 Bc6 43. Rc8 Kg6 44. Rd8 Rf7 45. h4 Rc7 46. Be1 Bb5 47. g4 Rc1 48.
Kf2 a3 49. gxh5+ Kf7 50. Ra8 Rc2+ 51. Rd2 Rxd2+ 52. Bxd2 Ba6 53. Bc1 Nb6 54. Rd8
Nc4 55. Be3 Nxe5 56. Bd4 Nc6 57. Rd7+ Ke8 58. Rxg7 Nxd4 59. h6 Bd3 60. h7 Bxh7
61. Rxh7 b5 62. h5 Kf8 63. h6 Kg8 64. Rb7 Kh8 65. Kg3 Nc6 66. Rb6 b4 67. Ra6 Kh7
68. Kf4 Kxh6 69. Ke4 Kg5 70. Kd3 Ne5+ 71. Kd4 Nxf3+ 72. Kc4 e5 1/2-1/2

[Event "Aeroflot Open A 2017"]
[Site "Moscow RUS"]
[Date "2017.02.27"]
[Round "7.34"]
[White "Abdusattorov, Nodirbek"]
[Black "Vavulin, Maksim"]
[Result "0-1"]
[WhiteTitle "FM"]
[BlackTitle "IM"]
[WhiteElo "2429"]
[BlackElo "2604"]
[WhiteFideId "14204118"]
[BlackFideId "4169530"]
[EventDate "2017.02.21"]

1. e4 e5 2. Nf3 Nc6 3. Bb5 a6 4. Ba4 d6 5. Bxc6+ bxc6 6. d4 f6 7. Nc3 g6 8. Be3
Nh6 9. Qe2 Bg7 10. O-O-O Nf7 11. h4 Bg4 12. h5 gxh5 13. Qc4 Qd7 14. Rd2 a5 15.
d5 c5 16. Nh2 Qc8 17. Nxg4 Qxg4 18. f3 Qg6 19. Nb5 Kd8 20. Qa4 Ra6 21. Rd3 Bh6
22. Bxh6 Nxh6 23. Rb3 Qxg2 24. Rd1 Qg7 25. Na3 Rg8 26. Rb8+ Ke7 27. Rb7 Rc8 28.
Qb5 Raa8 29. Nc4 Kf8 30. Nxd6 Qg5+ 31. f4 Qxf4+ 32. Kb1 Qg4 33. Rf1 cxd6 34.
Rxf6+ Kg8 35. a3 Qg5 36. Rxd6 Rd8 37. Re6 Nf7 38. Qxc5 Rac8 39. Rc6 Qg4 40. Qe7
Rf8 41. Ka2 Rce8 42. Qc7 h4 43. Rb3 a4 44. Rd3 Rc8 45. Qe7 h3 46. Rf6 h2 47. Rf1
Ng5 48. Rh1 Rce8 49. Qb4 Qg2 50. Rdd1 Nh3 51. d6 Nf2 52. d7 Rd8 53. Qd2 Kh8 54.
Ka1 Qg3 55. Rdf1 Rf6 0-1

[Event "Aeroflot Open A 2017"]
[Site "Moscow RUS"]
[Date "2017.02.27"]
[Round "7.36"]
[White "Lalith, Babu M R"]
[Black "Grigoriants, Sergey"]
[Result "1/2-1/2"]
[WhiteTitle "GM"]
[BlackTitle "GM"]
[WhiteElo "2584"]
[BlackElo "2564"]
[WhiteFideId "5024595"]
[BlackFideId "4130804"]
[EventDate "2017.02.21"]

1. Nf3 Nf6 2. c4 c5 3. Nc3 e6 4. g3 b6 5. Bg2 Bb7 6. O-O Be7 7. Re1 d5 8. cxd5
exd5 9. d4 O-O 10. Bf4 Na6 11. dxc5 Nxc5 12. Be5 Qd7 13. Rc1 Rfd8 14. Bd4 Rac8
15. a3 Nfe4 1/2-1/2

[Event "Aeroflot Open A 2017"]
[Site "Moscow RUS"]
[Date "2017.02.27"]
[Round "7.37"]
[White "Van Foreest, Jorden"]
[Black "Lorparizangeneh, Shahin"]
[Result "1-0"]
[WhiteTitle "GM"]
[BlackTitle "IM"]
[WhiteElo "2584"]
[BlackElo "2519"]
[WhiteFideId "1039784"]
[BlackFideId "12521604"]
[EventDate "2017.02.21"]

1. d4 Nf6 2. Bf4 e6 3. Nf3 c5 4. e3 b6 5. Nbd2 Bb7 6. h3 Be7 7. Bd3 O-O 8. c3
cxd4 9. cxd4 Ba6 10. Bxa6 Nxa6 11. O-O Qc8 12. Bg5 d6 13. Bxf6 Bxf6 14. Ne4 Be7
15. d5 Qb7 16. Nc3 Nc7 17. dxe6 fxe6 18. Nd4 d5 19. e4 Bc5 20. exd5 exd5 21. Qd3
Rf6 22. Rad1 Raf8 23. Rd2 Qc8 24. Nb3 Rf5 25. Nxc5 bxc5 26. b3 Qd8 27. Rfd1 Qh4
28. Qc2 Kh8 29. Re2 h6 30. Na4 c4 31. Nc5 Rg5 32. Qc3 Nb5 33. Qe3 d4 34. Qe7 Rg8
35. f4 Nc3 36. fxg5 Nxd1 37. bxc4 Ne3 38. Ne6 d3 39. Rxe3 d2 40. Rd3 Qe1+ 41.
Kh2 Qe5+ 42. Kg1 Qe1+ 43. Kh2 Qe5+ 44. Nf4 Qxf4+ 45. Kg1 hxg5 46. Rd7 g4 47.
Qh4+ Qh6 48. Qxg4 Re8 49. Kh2 Rf8 50. c5 Qf4+ 51. Qxf4 Rxf4 52. Rxd2 Rc4 53.
Rd8+ Kh7 54. Ra8 Rxc5 55. Rxa7 Rc3 56. Ra4 g6 57. Rh4+ Kg7 58. a4 Kf6 59. Rf4+
Kg5 60. Rf3 Rc5 61. Ra3 Ra5 62. Kg3 Kf5 63. Kf3 g5 64. Ra1 Kf6 65. Ke4 Ke6 66.
Ra2 Kd6 67. g3 Ke6 68. Ra3 Kd6 69. Kf3 Ke6 70. Kg4 Kf6 71. Kh5 Kf7 72. g4 Kg7
73. Rf3 1-0

[Event "Aeroflot Open A 2017"]
[Site "Moscow RUS"]
[Date "2017.02.27"]
[Round "7.41"]
[White "Harutyunian, Tigran K."]
[Black "Vakhidov, Jahongir"]
[Result "1/2-1/2"]
[WhiteTitle "IM"]
[BlackTitle "GM"]
[WhiteElo "2515"]
[BlackElo "2561"]
[WhiteFideId "13303635"]
[BlackFideId "14201801"]
[EventDate "2017.02.21"]

1. Nf3 c5 2. c4 Nc6 3. Nc3 g6 4. e3 Nf6 5. d4 cxd4 6. exd4 d5 7. cxd5 Nxd5 8.
Qb3 e6 9. Bb5 Bg7 10. O-O O-O 11. Bxc6 bxc6 12. Na4 Qd6 13. Re1 Rb8 14. Qc2 c5
15. Nxc5 Nb4 16. Qc3 Bb7 17. a3 Nd5 18. Qd3 Ba8 19. b4 Ne7 20. Bg5 Nf5 21. Ne4
Bxe4 22. Qxe4 Rb5 23. Bf4 Qd7 24. Rac1 Rd5 25. Rc7 Qa4 26. Be5 Qxa3 27. Bxg7
Nxg7 28. Ne5 Qb2 29. Nd7 Rxd4 30. Qe5 Rd8 31. Nf6+ Kh8 32. h3 Rxb4 33. Qg5 Ne8
34. Rxf7 Nxf6 35. Rxf6 Rb5 36. Qh4 Qb4 37. Qxb4 Rxb4 38. Rf7 Kg8 39. Rxa7 Rf4
40. Rxe6 Rd1+ 41. Kh2 Rf7 42. Ree7 Rxe7 43. Rxe7 h5 44. Kg3 Rd3+ 45. Kf4 Rd2 46.
Ke3 Ra2 47. g3 h4 48. Kf3 hxg3 49. fxg3 Kf8 50. Rb7 Ra4 51. g4 Ra3+ 52. Kf4 Rxh3
53. Kg5 Rg3 54. Kf6 Kg8 55. g5 Ra3 56. Rg7+ Kh8 57. Rxg6 Ra6+ 58. Kf5 Ra5+ 59.
Kg4 Ra1 60. Rb6 Kg7 1/2-1/2

[Event "Aeroflot Open A 2017"]
[Site "Moscow RUS"]
[Date "2017.02.27"]
[Round "7.42"]
[White "Tran, Tuan Minh"]
[Black "Morovic Fernandez, Ivan"]
[Result "1-0"]
[WhiteTitle "IM"]
[BlackTitle "GM"]
[WhiteElo "2491"]
[BlackElo "2550"]
[WhiteFideId "12401820"]
[BlackFideId "3405400"]
[EventDate "2017.02.21"]

1. d4 d5 2. c4 e6 3. Nc3 c5 4. cxd5 exd5 5. Nf3 Nc6 6. g3 Nf6 7. Bg2 Be7 8. O-O
O-O 9. Bg5 c4 10. Ne5 Be6 11. e3 h6 12. Bxf6 Bxf6 13. f4 Ne7 14. Qd2 g6 15. b3
cxb3 16. axb3 Bg7 17. Nd3 h5 18. Rfc1 a6 19. Nc5 Bc8 20. Bf3 b6 21. Nd3 Be6 22.
Ra2 Qd6 23. Rca1 Bc8 24. Ne5 Bb7 25. Be2 b5 26. Rc2 Rac8 27. Rac1 Rfe8 28. g4
hxg4 29. Bxg4 Rcd8 30. Ne2 f6 31. Nd3 Bc8 32. Bxc8 Rxc8 33. Rxc8 Nxc8 34. Nc5
Ne7 35. Ng3 Rc8 36. Ra1 Rc6 37. Kf2 g5 38. fxg5 fxg5 39. Kg1 Qg6 40. Rf1 g4 41.
Qe2 Bh6 42. Kh1 Kh7 43. Nd3 Rf6 44. Rxf6 Qxf6 45. Ne5 Bg7 46. Qxg4 a5 47. Qe2 a4
48. bxa4 bxa4 49. Qc2+ Ng6 50. Nxg6 Qf3+ 51. Kg1 Qxe3+ 52. Kg2 Kg8 53. Qc8+ Kh7
54. Qf5 Kg8 55. Qxd5+ Kh7 56. Qf5 Kg8 57. Qc8+ Kh7 58. Qc2 Qb3 59. Qf5 Qb2+ 60.
Kh3 Bxd4 1-0

[Event "Aeroflot Open A 2017"]
[Site "Moscow RUS"]
[Date "2017.02.27"]
[Round "7.44"]
[White "Schroeder, Jan-Christian"]
[Black "Kovalevskaya, Ekaterina"]
[Result "1/2-1/2"]
[WhiteTitle "GM"]
[BlackTitle "IM"]
[WhiteElo "2543"]
[BlackElo "2423"]
[WhiteFideId "24662259"]
[BlackFideId "4116704"]
[EventDate "2017.02.21"]

1. e4 c5 2. Nf3 Nc6 3. d4 cxd4 4. Nxd4 e5 5. Nb5 d6 6. c4 Be7 7. N1c3 a6 8. Na3
Nf6 9. Be2 O-O 10. Be3 Be6 11. O-O Rc8 12. Qd2 h6 13. Rfd1 Ne8 14. Nc2 Bg5 15.
Rac1 Bxe3 16. Qxe3 Qa5 17. Qd2 Qb6 18. b3 Rd8 19. Nd5 Qa7 20. Bf3 b5 21. Ndb4
Ne7 22. cxb5 axb5 23. Ne3 Nf6 24. Rc3 Rd7 25. Qe1 Qb7 26. Rcd3 Rfd8 27. Nec2 Qb6
28. Ne3 Qb7 29. Nf1 Qb6 30. Qe3 Qa5 31. Qe1 Qb6 32. Ng3 Qb7 33. h3 Ng6 34. Nf5
d5 35. Ng3 1/2-1/2

[Event "Aeroflot Open A 2017"]
[Site "Moscow RUS"]
[Date "2017.02.27"]
[Round "7.48"]
[White "Sarana, Alexey"]
[Black "Karavade, Eesha"]
[Result "1/2-1/2"]
[WhiteTitle "IM"]
[BlackTitle "IM"]
[WhiteElo "2468"]
[BlackElo "2418"]
[WhiteFideId "24133795"]
[BlackFideId "5012600"]
[EventDate "2017.02.21"]

1. d4 Nf6 2. c4 e6 3. Nf3 d5 4. Nc3 Bb4 5. Bg5 h6 6. Bxf6 Qxf6 7. e3 O-O 8. Rc1
dxc4 9. Bxc4 c5 10. O-O cxd4 11. Ne4 Qe7 12. a3 Ba5 13. Qxd4 Rd8 14. Qe5 Bb6 15.
Rfd1 Nc6 16. Rxd8+ Bxd8 17. Qh5 Na5 18. Bd3 Bd7 19. b4 Nc6 20. g4 Be8 21. g5 f5
22. gxf6 Bxh5 23. fxe7 Bxe7 24. Kg2 Bxf3+ 25. Kxf3 Ne5+ 26. Ke2 Nxd3 27. Kxd3 a5
28. Rb1 axb4 29. axb4 b5 30. Nc3 Kf7 31. Nxb5 Rb8 32. Kc4 Rc8+ 33. Kd3 Rb8 1/2-1/2

[Event "Aeroflot Open A 2017"]
[Site "Moscow RUS"]
[Date "2017.02.28"]
[Round "8.1"]
[White "Fedoseev, Vladimir3"]
[Black "Matlakov, Maxim"]
[Result "1-0"]
[WhiteTitle "GM"]
[BlackTitle "GM"]
[WhiteElo "2658"]
[BlackElo "2701"]
[WhiteFideId "24130737"]
[BlackFideId "4168003"]
[EventDate "2017.02.21"]

1. d4 Nf6 2. Nf3 d5 3. c4 e6 4. Nc3 Bb4 5. Qb3 c5 6. dxc5 Na6 7. a3 Bxc3+ 8.
Qxc3 Nxc5 9. cxd5 Qxd5 10. Be3 Nce4 11. Qe5 Qxe5 12. Nxe5 Nd5 13. Bc1 Nc5 14.
Rb1 f6 15. Nc4 e5 16. f3 Ke7 17. e4 Nf4 18. Be3 Ncd3+ 19. Bxd3 Nxd3+ 20. Ke2
Nf4+ 21. Bxf4 exf4 22. Na5 b6 23. Nc6+ Kd6 24. Rbc1 Ba6+ 25. Kf2 Rhc8 26. Rhd1+
Ke6 27. g3 fxg3+ 28. hxg3 g6 29. f4 Bb7 30. f5+ 1-0

[Event "Aeroflot Open A 2017"]
[Site "Moscow RUS"]
[Date "2017.02.28"]
[Round "8.2"]
[White "Vitiugov, Nikita"]
[Black "Artemiev, Vladislav"]
[Result "1-0"]
[WhiteTitle "GM"]
[BlackTitle "GM"]
[WhiteElo "2724"]
[BlackElo "2655"]
[WhiteFideId "4152956"]
[BlackFideId "24101605"]
[EventDate "2017.02.21"]

1. e4 c5 2. Nf3 d6 3. d4 cxd4 4. Nxd4 Nf6 5. Nc3 a6 6. Nb3 Nc6 7. Be3 e6 8. g4
h6 9. h4 b5 10. Bg2 Ne5 11. g5 Nfd7 12. f4 Nc4 13. Qe2 Nxb2 14. e5 Rb8 15. g6
Nc4 16. gxf7+ Kxf7 17. Ba7 Rb7 18. Bd4 Ndb6 19. O-O d5 20. Rae1 b4 21. Nxd5 Nxd5
22. Qxc4 Rc7 23. Qe2 g6 24. h5 Rg8 25. Rf2 Nc3 26. hxg6+ Rxg6 27. Qh5 Kg7 28.
Bb6 Bb7 29. Bxc7 Qxc7 30. Kh2 Bxg2 31. Rxg2 Rxg2+ 32. Kxg2 Nd5 33. Qg4+ Kh7 34.
Kh1 Qxc2 35. Qxe6 Qd3 36. Qg4 h5 37. Qxh5+ Bh6 38. Nc5 Qc4 39. Qf7+ 1-0

[Event "Aeroflot Open A 2017"]
[Site "Moscow RUS"]
[Date "2017.02.28"]
[Round "8.3"]
[White "Najer, Evgeniy"]
[Black "Inarkiev, Ernesto"]
[Result "1-0"]
[WhiteTitle "GM"]
[BlackTitle "GM"]
[WhiteElo "2659"]
[BlackElo "2723"]
[WhiteFideId "4118987"]
[BlackFideId "4162722"]
[EventDate "2017.02.21"]

1. e4 e5 2. Nf3 Nc6 3. d4 exd4 4. Nxd4 Bc5 5. Be3 Qf6 6. c3 Nge7 7. Bb5 O-O 8.
O-O Bb6 9. a4 a5 10. Nc2 Bxe3 11. Nxe3 d6 12. f4 Qh6 13. Nd2 f5 14. exf5 Bxf5
15. Nxf5 Nxf5 16. Qf3 Nd8 17. Bd7 Rf7 18. Rae1 Rxd7 19. Qd5+ Kf8 20. Qxf5+ Rf7
21. Qb5 c6 22. Qe2 Kg8 23. Nc4 d5 24. Nb6 Ra6 25. Nc8 Rf8 26. Qe7 Qf6 27. Qd7 c5
28. Re8 Ne6 29. Ne7+ Kh8 30. Nxd5 Qg6 31. Rxf8+ Nxf8 32. Qxb7 Qd3 33. Qc8 Kg8
34. f5 Ra7 35. f6 Rf7 1-0

[Event "Aeroflot Open A 2017"]
[Site "Moscow RUS"]
[Date "2017.02.28"]
[Round "8.4"]
[White "Jobava, Baadur"]
[Black "Khismatullin, Denis"]
[Result "1/2-1/2"]
[WhiteTitle "GM"]
[BlackTitle "GM"]
[WhiteElo "2701"]
[BlackElo "2639"]
[WhiteFideId "13601520"]
[BlackFideId "4142578"]
[EventDate "2017.02.21"]

1. d4 Nf6 2. c4 e6 3. Nf3 d5 4. Nc3 a6 5. c5 b6 6. cxb6 cxb6 7. Bf4 Bd6 8. Ne5
Bb7 9. e3 Nc6 10. Rc1 O-O 11. Bd3 Bxe5 12. Bxe5 Nxe5 13. dxe5 Ne4 14. O-O Rc8
15. Ne2 Rxc1 16. Qxc1 Nc5 17. Bb1 a5 18. Nd4 Ba6 19. Rd1 Qb8 20. Qc2 g6 21. f4
Ne4 22. Rc1 Rc8 23. Qd1 Rxc1 24. Qxc1 Nc5 25. Qc3 Qf8 26. a3 Qc8 27. Bc2 Nd7 28.
Qxc8+ Bxc8 29. Kf2 Kf8 30. h4 h5 31. g4 hxg4 32. Kg3 Nc5 33. Kxg4 a4 34. Ne2 Bd7
35. Nd4 Be8 36. Kg5 Kg7 37. Ne2 Bd7 38. Nd4 Be8 39. Bb1 Bd7 40. h5 gxh5 41. Kxh5
Bc8 42. Kg5 Ba6 43. f5 Bf1 44. Bc2 Bc4 45. Bd1 Ne4+ 46. Kf4 Nc5 47. Bh5 Bd3 48.
fxe6 fxe6 49. Bg4 Kf7 50. Kg5 Be4 51. Be2 Bd3 52. Bd1 Be4 53. Nc6 Bf5 54. Bh5+
Kg7 55. Nd4 Bd3 56. Bg4 Kf7 57. Kh6 Be4 58. Be2 Nd7 59. Bh5+ Kf8 60. Kg5 Nxe5
61. Kf6 Nd7+ 62. Kxe6 Nc5+ 63. Ke5 Nd3+ 64. Kf6 Kg8 65. b4 axb3 66. Nxb3 Nb2 67.
Nd2 Kf8 68. Be2 Bg2 69. Ke6 Ke8 70. Nb1 Kd8 71. Nc3 Kc7 72. Nxd5+ Kc6 73. Nb4+
Kc5 74. Na6+ Kc6 75. Ke5 b5 76. Kd4 Kb6 77. Nb4 Ka5 78. Nc2 Na4 79. Bh5 Kb6 80.
Bf7 Nc5 81. Bd5 Bxd5 82. Kxd5 Nd3 83. e4 Ka5 84. Kd4 Nf4 85. e5 Ka4 86. Ke4 Ne6
87. Kd5 Nf4+ 88. Kc6 Ne6 89. Kd5 Nf4+ 90. Ke4 Ne6 91. Kd3 Nf4+ 92. Kd2 Kb3 93.
Ke3 Ng6 94. Nd4+ Kxa3 95. Nxb5+ 1/2-1/2

[Event "Aeroflot Open A 2017"]
[Site "Moscow RUS"]
[Date "2017.02.28"]
[Round "8.5"]
[White "Yu, Yangyi"]
[Black "Iturrizaga Bonelli, Eduardo"]
[Result "1-0"]
[WhiteTitle "GM"]
[BlackTitle "GM"]
[WhiteElo "2738"]
[BlackElo "2652"]
[WhiteFideId "8603820"]
[BlackFideId "3901211"]
[EventDate "2017.02.21"]

1. e4 c6 2. d4 d5 3. e5 Bf5 4. Nf3 e6 5. Be2 Ne7 6. c3 Nc8 7. O-O Be7 8. Be3 O-O
9. Nbd2 a5 10. Ne1 a4 11. Bd3 Bxd3 12. Nxd3 Nd7 13. Qg4 f5 14. exf6 Rxf6 15. Nf4
Nf8 16. Nf3 Nd6 17. Ne5 Rf5 18. Nh5 Bf6 19. Ng3 Rxe5 20. dxe5 Bxe5 21. Bc5 g6
22. Rfe1 Bg7 23. Qb4 Nb5 24. c4 dxc4 25. Rad1 Qf6 26. Qxc4 Qxb2 27. Ne4 Nc3 28.
Bxf8 Rxf8 29. Rd2 Qa3 30. Qxe6+ Kh8 31. Nd6 Bf6 32. Nf7+ Kg7 33. Rd7 Qxa2 34.
Ng5+ 1-0

[Event "Aeroflot Open A 2017"]
[Site "Moscow RUS"]
[Date "2017.02.28"]
[Round "8.6"]
[White "Korobov, Anton"]
[Black "Berkes, Ferenc"]
[Result "1/2-1/2"]
[WhiteTitle "GM"]
[BlackTitle "GM"]
[WhiteElo "2691"]
[BlackElo "2648"]
[WhiteFideId "14105730"]
[BlackFideId "718572"]
[EventDate "2017.02.21"]

1. d4 Nf6 2. c4 e6 3. Nc3 d5 4. cxd5 Nxd5 5. g3 c5 6. Bg2 Nxc3 7. bxc3 cxd4 8.
cxd4 Bb4+ 9. Kf1 Nc6 10. Bb2 O-O 11. Nf3 Bd7 12. h4 Rc8 13. Qd3 f6 14. Kg1 Na5
15. Kh2 Nc4 16. Rab1 Qe7 17. Bc1 b5 18. Rd1 a5 19. e4 Ba3 20. Qe2 Bxc1 21. Rbxc1
a4 22. Rc3 1/2-1/2

[Event "Aeroflot Open A 2017"]
[Site "Moscow RUS"]
[Date "2017.02.28"]
[Round "8.7"]
[White "Cordova, Emilio"]
[Black "Mamedov, Rauf"]
[Result "1/2-1/2"]
[WhiteTitle "GM"]
[BlackTitle "GM"]
[WhiteElo "2655"]
[BlackElo "2688"]
[WhiteFideId "3801497"]
[BlackFideId "13401653"]
[EventDate "2017.02.21"]

1. d4 d5 2. c4 c6 3. Nc3 Nf6 4. cxd5 cxd5 5. Bf4 Nc6 6. e3 Bf5 7. Rc1 Rc8 8. Bd3
Bxd3 9. Qxd3 e6 10. Nf3 Bd6 11. O-O O-O 12. Bg3 Bxg3 13. hxg3 h6 14. Na4 Ne4 15.
Nc5 Nd6 16. Nd2 Qe7 17. a3 b6 18. Na6 Nb8 19. Nxb8 Rxb8 20. Rc3 Rbc8 21. Rfc1
Rxc3 22. Rxc3 Rc8 1/2-1/2

[Event "Aeroflot Open A 2017"]
[Site "Moscow RUS"]
[Date "2017.02.28"]
[Round "8.8"]
[White "Smirin, Ilia"]
[Black "Jumabayev, Rinat"]
[Result "1/2-1/2"]
[WhiteTitle "GM"]
[BlackTitle "GM"]
[WhiteElo "2670"]
[BlackElo "2611"]
[WhiteFideId "2801990"]
[BlackFideId "13702661"]
[EventDate "2017.02.21"]

1. e4 c5 2. Nf3 d6 3. d4 cxd4 4. Nxd4 Nf6 5. Nc3 a6 6. Nb3 e6 7. g4 b5 8. Bg2
Bb7 9. g5 Nfd7 10. f4 h6 11. h4 hxg5 12. hxg5 Rxh1+ 13. Bxh1 b4 14. Ne2 a5 15.
Be3 Nb6 16. Bxb6 Qxb6 17. g6 Qe3 18. Qd3 Qxd3 19. gxf7+ Kxf7 20. cxd3 a4 21.
Nbd4 Na6 22. Kd2 Nc5 23. e5 Bxh1 24. Rxh1 dxe5 25. fxe5 Rd8 26. Rh3 Be7 27. Rf3+
Ke8 28. Rg3 Kf7 29. Nc6 Ne4+ 30. Ke3 1/2-1/2

[Event "Aeroflot Open A 2017"]
[Site "Moscow RUS"]
[Date "2017.02.28"]
[Round "8.10"]
[White "Kovalev, Vladislav"]
[Black "Sjugirov, Sanan"]
[Result "1-0"]
[WhiteTitle "GM"]
[BlackTitle "GM"]
[WhiteElo "2598"]
[BlackElo "2673"]
[WhiteFideId "13504398"]
[BlackFideId "4189302"]
[EventDate "2017.02.21"]

1. e4 e6 2. d4 d5 3. Nd2 Be7 4. e5 c5 5. c3 Nc6 6. Bd3 Qb6 7. Ndf3 f6 8. Ne2
fxe5 9. Nxe5 Nxe5 10. dxe5 Bd7 11. O-O Qc7 12. c4 Qxe5 13. Bf4 Qh5 14. Qb3 Nf6
15. Qxb7 O-O 16. Bg3 Qe8 17. Rae1 Qc8 18. Qxc8 Raxc8 19. Nf4 Kf7 20. Nh3 Nh5 21.
Be5 h6 22. f4 Nf6 23. f5 exf5 24. cxd5 c4 25. Bxf5 Bxf5 26. Rxf5 Kg6 27. Rf3
Nxd5 28. Rg3+ Bg5 29. Nxg5 hxg5 30. Bxg7 Rf5 31. Bd4 Nf4 32. h4 Kh5 33. hxg5
Rxg5 34. Rxg5+ Kxg5 35. Re7 a6 36. Kf2 Nd3+ 37. Ke3 Nb4 38. Re5+ Kg4 39. a3 Nd3
40. Re6 Rb8 41. Rg6+ Kf5 42. Rxa6 Nxb2 43. Ra5+ Kg4 44. Bf6 Rb3+ 45. Ke4 Kg3 46.
Rg5+ Kf2 47. Bd4+ Ke1 48. Rc5 Rxa3 49. g4 Ra4 50. g5 Nd3 51. Rc8 Nf2+ 52. Bxf2+
Kxf2 53. g6 Ke2 54. g7 c3+ 55. Kf5 Ra5+ 56. Kf4 Ra4+ 57. Kg3 Ra1 58. Kg2 c2 59.
Rxc2+ 1-0